MARC details
| 000 -CABECERA |
| campo de control de longitud fija |
01017nam a2200277 a 4500 |
| 001 - NÚMERO DE CONTROL |
| campo de control |
000020883 |
| 005 - FECHA Y HORA DE LA ÚLTIMA TRANSACCIÓN |
| campo de control |
20200930011201.0 |
| 008 - DATOS DE LONGITUD FIJA--INFORMACIÓN GENERAL |
| campo de control de longitud fija |
100821s1999 mx r 000 0 spa d |
| 020 ## - NÚMERO INTERNACIONAL ESTÁNDAR DEL LIBRO |
| Número Internacional Estándar del Libro |
9681905946 |
| 040 ## - FUENTE DE LA CATALOGACIÓN |
| Centro catalogador/agencia de origen |
DO-SdBNP |
| Lengua de catalogación |
spa |
| Centro/agencia transcriptor |
BNPHU |
| 041 17 - CÓDIGO DE LENGUA |
| Código de lengua del texto/banda sonora o título independiente |
spa |
| Código de lengua original |
fre |
| 082 ## - NÚMERO DE LA CLASIFICACIÓN DECIMAL DEWEY |
| Número de clasificación |
843.914 |
| Número de documento/Ítem |
D438m |
| 049 ## - FONDOS LOCALES (OCLC) |
| Fondos de biblioteca |
BNGR |
| 100 1# - ENTRADA PRINCIPAL--NOMBRE DE PERSONA |
| Nombre de persona |
Derrida, Jacques, |
| Fechas asociadas al nombre |
1930-2004 |
| 9 (RLIN) |
43770 |
| 240 14 - TÍTULO UNIFORME |
| Título uniforme |
Les morts de Roland Barthes. |
| Lenguaje de la obra |
Español. |
| 245 14 - MENCIÓN DE TÍTULO |
| Título |
Las muertes de Roland Barthes / |
| Mención de responsabilidad, etc. |
Jacques Derrida ; traducción y prólogo de Raymundo Mier. |
| 260 ## - PUBLICACIÓN, DISTRIBUCIÓN, ETC. |
| Lugar de publicación, distribución, etc. |
México : |
| Nombre del editor, distribuidor, etc. |
Taurus, |
| Fecha de publicación, distribución, etc. |
1999. |
| 300 ## - DESCRIPCIÓN FÍSICA |
| Extensión |
108 p. ; |
| Dimensiones |
19 cm. |
| 490 1# - MENCIÓN DE SERIE |
| Mención de serie |
La huella del otro |
| 504 ## - NOTA DE BIBLIOGRAFÍA, ETC. |
| Nota de bibliografía, etc. |
Incluye referencias bibliográficas y notas al pie de las páginas. |
| 534 ## - NOTA SOBRE LA VERSIÓN ORIGINAL |
| Frase introductoria |
Título original en francés: |
| Mención de título del original |
Les morts de Roland Barthes ; |
| Publicación, distribución, etc. del original |
Editions du Seuil, |
| Mención de serie del original |
Poètique núm. 47. |
| 650 #4 - PUNTO DE ACCESO ADICIONAL DE MATERIA--TÉRMINO DE MATERIA |
| Término de materia o nombre geográfico como elemento de entrada |
Cuentos franceses |
| 9 (RLIN) |
13634 |
| 650 #4 - PUNTO DE ACCESO ADICIONAL DE MATERIA--TÉRMINO DE MATERIA |
| Término de materia o nombre geográfico como elemento de entrada |
Literatura francesa |
| Subdivisión cronológica |
SIGLO XX |
| 9 (RLIN) |
4232 |
| 700 1# - PUNTO DE ACCESO ADICIONAL--NOMBRE DE PERSONA |
| Nombre de persona |
Mier, Raymundo, |
| Término indicativo de función/relación |
tr. ; |
| -- |
pról. |
| 9 (RLIN) |
43771 |
| 830 #3 - PUNTO DE ACCESO ADICIONAL DE SERIE-TÍTULO UNIFORME |
| Título uniforme |
La huella del otro |
| 9 (RLIN) |
43772 |